[Event "FRA-ch rapid (Women)"]
[Site "Monteux"]
[Date "2016.06.11"]
[Round "5"]
[White "Sauve, Anne Charlotte"]
[Black "Leconte, Maria"]
[Result "0-1"]
[WhiteElo "1757"]
[BlackElo "2191"]
[PlyCount "74"]
[EventDate "2016.06.11"]
[EventType "swiss (rapid)"]
[EventRounds "9"]
[EventCountry "FRA"]
[SourceTitle "CBM 173 Extra"]
[Source "ChessBase"]
[SourceDate "2016.08.29"]
[SourceVersion "1"]
[SourceVersionDate "2016.08.29"]
[SourceQuality "1"]

1. e4 c5 2. Nf3 g6 3. c3 Bg7 4. Be2 e5 5. 0-0 Nc6 6. Re1 Nge7 7. d3 d6 8. Nbd2 h6 9. a4 0-0 10. Bf1 Be6 11. Nc4 f5 12. Rb1 a5 13. Bd2 f4 14. b4 g5 15. h3 Ng6 16. Nh2 Nh4 17. Be2 cxb4 18. cxb4 d5 19. Nxa5 Rf7 20. Nxc6 bxc6 21. a5 Qd7 22. Bg4 dxe4 23. Bxe6 Qxe6 24. dxe4 f3 25. g4 Rd8 26. Qc2 Ng2 27. Red1 Rxd2 28. Rxd2 Nf4 29. Rbd1 Nxh3+ 30. Kf1 Qf6 31. Rd3 Qf4 32. Rxf3 Qxh2 33. Rd8+ Bf8 34. Qb3 Nf4 35. Rg3 Qh1+ 36. Rg1 Qxe4 37. Rd2 Bxb4 0-1

[Event "FRA-ch U18 Girls"]
[Site "Pau"]
[Date "2015.04.27"]
[Round "3"]
[White "Imperor, Lorene"]
[Black "Sauve, Anne Charlotte"]
[Result "1-0"]
[WhiteElo "1891"]
[BlackElo "1738"]
[PlyCount "109"]
[EventDate "2015.04.26"]
[EventType "swiss"]
[EventRounds "9"]
[EventCountry "FRA"]
[SourceTitle "CBM 166 Extra"]
[Source "ChessBase"]
[SourceDate "2015.06.18"]
[SourceVersion "1"]
[SourceVersionDate "2015.06.18"]
[SourceQuality "1"]

1. d4 d5 2. c4 e6 3. Nc3 Be7 4. cxd5 exd5 5. Bf4 Nf6 6. e3 0-0 7. Bd3 c5 8. dxc5 Bxc5 9. Nf3 Nc6 10. 0-0 d4 11. Na4 Bd6 12. Bxd6 Qxd6 13. Bb5 Bg4 14. Bxc6 Qxc6 15. Rc1 Qd7 16. Qxd4 Bxf3 17. Qxd7 Nxd7 18. gxf3 Rac8 19. f4 Nf6 20. Nc3 Rfd8 21. Rfd1 Kf8 22. e4 Ke7 23. Kg2 a6 24. Kf3 b5 25. e5 Ne8 26. Rxd8 Rxd8 27. Ke4 Nc7 28. Rd1 Rxd1 29. Nxd1 Ne6 30. Nc3 Kd7 31. b4 Kc6 32. h4 a5 33. a3 axb4 34. axb4 Nc7 35. Ne2 Na6 36. Nd4+ Kd7 37. Nc2 Nc7 38. f5 Ke7 39. Ne3 Kd7 40. Nd5 Na6 41. f4 g6 42. fxg6 hxg6 43. f5 Nb8 44. Nc3 Nc6 45. Nd5 Ke8 46. Kf4 Kf8 47. fxg6 fxg6 48. e6 Nd4 49. e7+ Kf7 50. Ke5 Nf5 51. h5 Ng7 52. h6 Ne8 53. h7 Kg7 54. Ke6 Kxh7 55. Nf6+ 1-0

[Event "Troyes Lallemand Memorial op"]
[Site "Troyes"]
[Date "2014.06.14"]
[Round "4"]
[White "Belloc, Sidonie"]
[Black "Sauve, Anne Charlotte"]
[Result "1/2-1/2"]
[WhiteElo "1839"]
[BlackElo "1746"]
[PlyCount "75"]
[EventDate "2014.06.14"]
[EventType "swiss (rapid)"]
[EventRounds "9"]
[EventCountry "FRA"]
[SourceTitle "EXT 2015"]
[Source "ChessBase"]
[SourceDate "2014.11.20"]
[SourceVersion "1"]
[SourceVersionDate "2014.11.20"]
[SourceQuality "1"]

1. e4 e5 2. Nf3 Nf6 3. d3 Nc6 4. Be2 d5 5. exd5 Nxd5 6. 0-0 Be7 7. b3 0-0 8. Bb2 Bd6 9. Nbd2 Bf5 10. Ne4 Nf4 11. Ng3 Bg6 12. Re1 Nxe2+ 13. Rxe2 f6 14. d4 exd4 15. Nxd4 Nxd4 16. Qxd4 Bxg3 17. hxg3 Re8 18. Rxe8+ Bxe8 19. Rd1 Qxd4 20. Rxd4 Bc6 21. f3 Re8 22. Kf2 Kf7 23. c4 Re7 24. Ba3 Rd7 25. Ke3 Rxd4 26. Kxd4 Ke6 27. Bc1 Be8 28. Bf4 Kd7 29. b4 a6 30. a3 Kc6 31. g4 b5 32. c5 Bf7 33. g5 fxg5 34. Bxg5 h5 35. g3 g6 36. Bf6 Be6 37. Ke5 Bf5 38. Bg5 1/2-1/2

[Event "Troyes Lallemand Memorial op"]
[Site "Troyes"]
[Date "2014.06.14"]
[Round "1"]
[White "Sauve, Anne Charlotte"]
[Black "Aubert, Estee"]
[Result "1-0"]
[WhiteElo "1746"]
[BlackElo "1464"]
[PlyCount "111"]
[EventDate "2014.06.14"]
[EventType "swiss (rapid)"]
[EventRounds "9"]
[EventCountry "FRA"]
[SourceTitle "EXT 2015"]
[Source "ChessBase"]
[SourceDate "2014.11.20"]
[SourceVersion "1"]
[SourceVersionDate "2014.11.20"]
[SourceQuality "1"]

1. e4 e5 2. Nf3 Nc6 3. Bb5 a6 4. Ba4 Nf6 5. 0-0 Bc5 6. Re1 d6 7. h3 b5 8. Bb3 0-0 9. c3 Bb7 10. d4 Bb6 11. d5 Na5 12. Bc2 c6 13. dxc6 Nxc6 14. Bg5 Qe7 15. a4 b4 16. Bb3 a5 17. cxb4 Nxb4 18. Nc3 Bc5 19. Bc4 Ba6 20. Bxa6 Nxa6 21. Nd5 Qa7 22. Nxf6+ gxf6 23. Bh4 Kg7 24. Nh2 Rg8 25. Qf3 Qe7 26. Ng4 Kf8 27. Nxe5 fxe5 28. Qf6 Qxf6 29. Bxf6 Nb4 30. Ra3 Nc2 31. Rg3 Nd4 32. Rc1 Rb8 33. Re1 Rg7 34. Rxg7 Rxb2 35. Rxh7 Ke8 36. Bh4 Ne6 37. Rh8+ Kd7 38. Rc1 Nf4 39. Rd8+ Kc7 40. Kf1 Nd3 41. Rc3 Nxf2 42. Bxf2 Kxd8 43. Bxc5 dxc5 44. Rxc5 Rb4 45. Rxa5 Rxe4 46. Kf2 f5 47. g3 Kc7 48. Kf3 Kb6 49. Rb5+ Kc6 50. h4 Kd6 51. a5 Rg4 52. Rb6+ Kc7 53. Rf6 e4+ 54. Kf2 e3+ 55. Kxe3 Rxh4 56. gxh4 1-0

[Event "Troyes Lallemand Memorial op"]
[Site "Troyes"]
[Date "2014.06.14"]
[Round "3"]
[White "Sauve, Anne Charlotte"]
[Black "Soubirou, Oriane"]
[Result "0-1"]
[WhiteElo "1746"]
[BlackElo "2043"]
[PlyCount "50"]
[EventDate "2014.06.14"]
[EventType "swiss (rapid)"]
[EventRounds "9"]
[EventCountry "FRA"]
[SourceTitle "EXT 2015"]
[Source "ChessBase"]
[SourceDate "2014.11.20"]
[SourceVersion "1"]
[SourceVersionDate "2014.11.20"]
[SourceQuality "1"]

1. e4 e6 2. d4 d5 3. e5 c5 4. c3 Nc6 5. Nf3 Bd7 6. Be2 Qc7 7. 0-0 f6 8. exf6 Nxf6 9. Re1 Bd6 10. h3 0-0 11. Be3 c4 12. Na3 a6 13. Nc2 Ne4 14. Ng5 Bh2+ 15. Kh1 Nxf2+ 16. Bxf2 Rxf2 17. Nf3 Bg3 18. Ne3 Rxf3 19. Bxf3 Bxe1 20. Qxe1 Rf8 21. Qe2 Ne7 22. Rf1 Ng6 23. Ng4 Qg3 24. Qe1 Qf4 25. Qe3 b5 0-1

[Event "FRA-ch U14 Girls"]
[Site "Montlucon"]
[Date "2011.04.18"]
[Round "3"]
[White "Sauve, Anne Charlotte"]
[Black "Koch, Marion"]
[Result "1-0"]
[WhiteElo "1756"]
[BlackElo "1650"]
[PlyCount "101"]
[EventDate "2011.04.17"]
[EventType "swiss"]
[EventRounds "9"]
[EventCountry "FRA"]
[SourceTitle "CBM 142 Extra"]
[Source "ChessBase"]
[SourceDate "2011.06.27"]
[SourceVersion "1"]
[SourceVersionDate "2011.06.27"]
[SourceQuality "1"]

1. e4 Nf6 2. Nc3 d5 3. exd5 Nxd5 4. Bc4 Nxc3 5. Qf3 e6 6. Qxc3 Nc6 7. Nf3 b6 8. Bb5 Rb8 9. Bxc6+ Bd7 10. Bxd7+ Qxd7 11. 0-0 f6 12. d4 Bd6 13. Re1 0-0 14. Bd2 Rbd8 15. Rad1 a5 16. Qb3 Rfe8 17. Re2 a4 18. Qd3 b5 19. Rde1 c6 20. Ba5 Ra8 21. Qd2 Kh8 22. Bb4 Kg8 23. Bxd6 Qxd6 24. c3 Qd5 25. a3 Rac8 26. Qe3 Re7 27. Qe4 Qd6 28. Qg4 Rce8 29. Nd2 f5 30. Qh3 Rf8 31. Nf3 Rf6 32. Qg3 Qd7 33. Ne5 Qd6 34. Qf3 Rc7 35. Qf4 Rh6 36. Nd3 Qe7 37. Nc5 Rh4 38. Qxf5 exf5 39. Rxe7 Rc8 40. Re8+ Rxe8 41. Rxe8+ Kf7 42. Re6 g5 43. Rxc6 f4 44. d5 g4 45. d6 Rh5 46. Rc7+ Kf6 47. Ne4+ Ke6 48. Re7+ Kd5 49. d7 Kc6 50. d8Q Rd5 51. Qc7# 1-0

[Event "FRA-ch U12 Girls"]
[Site "Aix les Bains"]
[Date "2009.04.20"]
[Round "2"]
[White "Legrand, Claire"]
[Black "Sauve, Anne Charlotte"]
[Result "1-0"]
[WhiteElo "1607"]
[BlackElo "1410"]
[PlyCount "73"]
[EventDate "2009.04.19"]
[EventType "swiss"]
[EventRounds "9"]
[EventCountry "FRA"]
[SourceTitle "CBM 130 Extra"]
[Source "ChessBase"]
[SourceDate "2009.07.02"]
[SourceVersion "2"]
[SourceVersionDate "2009.07.15"]
[SourceQuality "1"]

1. e4 e5 2. Nc3 Nf6 3. Bc4 Nxe4 4. Nxe4 d5 5. Bd3 dxe4 6. Bxe4 Bc5 7. Qe2 0-0 8. c3 Nc6 9. Nf3 Bg4 10. h3 Bh5 11. d3 f5 12. Bxc6 bxc6 13. Bg5 Bxf3 14. Qxf3 Qxg5 15. Qxc6 Bd6 16. 0-0 Rad8 17. Qb7 Rf6 18. Qxa7 Rh6 19. Qe3 Qh5 20. a4 e4 21. dxe4 Re8 22. Rfe1 Qg5 23. a5 Rxe4 24. Qf3 Rhh4 25. a6 Qe7 26. Rxe4 Rxe4 27. Qd1 Qe5 28. g3 Bc5 29. Qd8+ Kf7 30. Qd7+ Kg6 31. Qc6+ Kg5 32. h4+ Kg4 33. Kg2 f4 34. f3+ Kh5 35. g4+ Kxh4 36. Rh1+ Kg5 37. Rh5# 1-0